01008nam a22001817a 4500008004100000020001500041050001500056100002000071245004600091250001200137260003100149300002200180500001900202505046500221942001200686999001600698952011200714150430b xxu||||| |||| 00| 0 eng d a0406932441 aKD1924.B87 aBurrows, Andrew aThe law of restitution. /cAndrew Burrows a2nd ed. aU.K:bButterworth,cc2002. alix, 639p.c23cm. aincludes index aContents: Fundamental ideas -- Tracing and subrogation -- Mistake -- Ignorance -- Duress -- Undue influence -- Exploitation of weakness -- Legal compulsory discharge of another's legal liability -- Necessity -- Failure of consideration -- Incapacity as a ground for restitution -- Illegality as a ground for restitution -- Ultra vires demands by public authorities -- Restitution for wrongs -- Defences -- Miscellaneous issues: agency and the conflict of laws. 2lcccBK c5459d12959 00102lcc4070aWIUC-1bWIUC-1cLLd2015-04-30l0oKD1924.B87p088/15r2015-04-30 00:00:00w2015-04-30yBK